| 000 | 00524nam a2200205Ia 4500 | ||
|---|---|---|---|
| 008 | 170918s9999 xx 000 0 und d | ||
| 020 | _a9780590457835 | ||
| 050 | _bG319 1993 | ||
| 100 | _aGelman, Rita Golden | ||
| 245 | _aMore spaghetti, I say! / | ||
| 245 | _cby Rita Golden Gelman ; illustrated by Mort Gerberg. | ||
| 260 | _aNew York : | ||
| 260 | _bScholastic, | ||
| 260 | _c1993 | ||
| 300 | _aunpaged : | ||
| 300 | _bchiefly colored ; | ||
| 300 | _c23cm. | ||
| 440 | _aScholastic reader. | ||
| 500 | _aBR | ||
| 999 |
_c342990 _d342990 |
||